书目信息 |
| 题名: |
电影审美人类学的理论研究
|
|
| 作者: | 唐迎欣 主编 | |
| 分册: | ||
| 出版信息: | 北京 人民日报出版社 2014 |
|
| 页数: | 283页 | |
| 开本: | 24cm | |
| 丛书名: | 审美人类学丛书 | |
| 单 册: | ||
| 中图分类: | J901 | |
| 科图分类: | ||
| 主题词: | 电影美学--研究 | |
| 电子资源: | ||
| ISBN: | 978-7-5115-2667-0 | |
| 000 | 00993nam0 2200265 450 | |
| 001 | 339471 | |
| 005 | 20150608150210.18 | |
| 010 | @a978-7-5115-2667-0@dCNY55.00 | |
| 100 | @a20141202d2014 em y0chiy50 ea | |
| 101 | 0 | @achi |
| 102 | @aCN@b110000 | |
| 105 | @ay z 000yy | |
| 106 | @ar | |
| 200 | 1 | @a电影审美人类学的理论研究@Adian ying shen mei ren lei xue de li lun yan jiu@f唐迎欣主编 |
| 210 | @a北京@c人民日报出版社@d2014 | |
| 215 | @a283页@d24cm | |
| 225 | 1 | @a审美人类学丛书@h第二辑@f张利群主编 |
| 300 | @a人民日报学术文库 广西重点人文社科基地“审美人类学研究中心”项目成果 | |
| 330 | @a本书对电影这一艺术进行了深入的考察和研究, 从电影的“蒙太奇”、电影与赖以存在的“影院”之间的关系、电影的镜像理论、当代影像研究的转型以及高效电影教育发展规律与特点研究等问题做了理论的研究与阐述。 | |
| 410 | 0 | @12001 @a审美人类学丛书 |
| 606 | 0 | @a电影美学@x研究 |
| 690 | @aJ901@v5 | |
| 701 | 0 | @a唐迎欣@Atang ying xin@4主编 |
| 801 | 0 | @aCN@b卓展宏图@c20150525 |
| 905 | @dJ901@e289@f4 | |
| 电影审美人类学的理论研究/唐迎欣主编.-北京:人民日报出版社,2014 |
| 283页;24cm.-(审美人类学丛书.第二辑/张利群主编) |
| 人民日报学术文库 广西重点人文社科基地“审美人类学研究中心”项目成果 |
| ISBN 978-7-5115-2667-0:CNY55.00 |
| 本书对电影这一艺术进行了深入的考察和研究, 从电影的“蒙太奇”、电影与赖以存在的“影院”之间的关系、电影的镜像理论、当代影像研究的转型以及高效电影教育发展规律与特点研究等问题做了理论的研究与阐述。 |
| ● |
| 相关链接 |
|
|
|
|
正题名:电影审美人类学的理论研究
索取号:J901/289
 
预约/预借
| 序号 | 登录号 | 条形码 | 馆藏地/架位号 | 状态 | 备注 |
| 1 | 858345 | 208583451 | 第一样本阅览室/ [索取号:J901/289] | 在馆 | |
| 2 | 858346 | 208583460 | 第一借阅区/ [索取号:J901/289] | 在馆 | |
| 3 | 858347 | 208583479 | 第一借阅区/ [索取号:J901/289] | 在馆 | |
| 4 | 858348 | 208583488 | 第一借阅区/ [索取号:J901/289] | 在馆 |